| 000 | 00481nam a2200181Ia 4500 | ||
|---|---|---|---|
| 003 | GCL | ||
| 008 | 140319s9999 xx 000 0 eng d | ||
| 040 |
_aGCL / _cGCL |
||
| 082 | 0 | 4 |
_a302.23072 _bW M |
| 100 | 1 | _aWIMMER, ROGERD | |
| 245 | 1 | 0 |
_aMASS MEDIA RESEARCH: AN INTRODUCTION / _cWIMMER, ROGERD |
| 700 | 1 | _aDOMNIK, JOSEPH R. | |
| 260 |
_a[S.N] : _bWODSWORTH PUBLISHING COMPANY ، _c1994 |
||
| 300 | _a497 | ||
| 650 | 0 | 4 | _aRESEARCH |
| 650 | 0 | 4 | _aMASS MEDIA |
| 942 |
_2ddc _cBK |
||
| 999 |
_c16512 _d16512 |
||